000 00542nam a22002177a 4500
001 86792
003 UA-OsUOA
005 20211105214805.0
007 ta
008 20120911b un ||||| |||| 00| 0 ukr d
040 _aUA-OsUOA
_brus
_cUA-OsUOA
_dUA-OsUOA
041 _arus
080 _a94(40+571)
090 _a94(40+571)
_bН42
245 _aНедаром помнит вся Россия...
260 _aМ.
_bМол. гвардия
_c1987
300 _a303 с.
650 7 _a94 Історія
_2UDC
942 _cBK
_2udc
955 _a4
999 _c372966
_d372966